000
00320nam a2200121Ia 4500
008
241002s9999 xx 000 0 und d
082
_a
320.092 JON
100
_a
Jones W.T.
245
0
_a
Masters of political thought plato machiavelli to Bantham 2
260
_a
London:
_c
1967
600
_a
Social Sciences
942
_c
UC
999
_c
18992
_d
18992